Безопасность электрических сетей в вопросах и ответах. Ч. 1: Устройство электрических сетей (Запись № 4773987)

Подробности
000 -МАРКЕР
контрольное поле 01329nam2a2200289 4500
001 - ИДЕНТИФИКАТОР ЗАПИСИ
контрольное поле RU\NLR\bibl\2081633
005 - ИДЕНТИФИКАТОР ВЕРСИИ
контрольное поле 20250616224030.0
010 ## - МЕЖДУНАРОДНЫЙ СТАНДАРТНЫЙ НОМЕР КНИГИ (ISBN)
Номер (ISBN) 978-5-383-00842-3
Тираж 1000
Уточнения ч. 1
021 ## - НОМЕР ГОСУДАРСТВЕННОЙ РЕГИСТРАЦИИ
Код страны Российская Федерация
Номер 2013-71768
Номер Листа государственной регистраци 4918
035 ## - ДРУГИЕ СИСТЕМНЫЕ НОМЕРА
Идентификатор записи (NLR Aleph) 002072872
100 ## - ДАННЫЕ ОБЩЕЙ ОБРАБОТКИ
Данные общей обработки 20131026d2013 |||y0rusy50 ca
101 0# - ЯЗЫК РЕСУРСА
Язык текста, звукозаписи и т.д. русский
102 ## - СТРАНА ПУБЛИКАЦИИ ИЛИ ПРОИЗВОДСТВА
Страна публикации Российская Федерация
105 ## - ПОЛЕ КОДИРОВАННЫХ ДАННЫХ: ТЕКСТОВЫЕ МАТЕРИАЛЫ, МОНОГРАФИЧЕСКИЕ
Кодированные данные о монографическом текстовом документе a |||||||||
200 1# - ЗАГЛАВИЕ И СВЕДЕНИЯ ОБ ОТВЕТСТВЕННОСТИ
Основное заглавие Устройство электрических сетей
210 ## - ПУБЛИКАЦИЯ, РАСПРОСТРАНЕНИЕ И ДР.
Дата издания, распространения и т.д. 2013
Место издания, распространения и т.д. Б. м.
215 ## - ФИЗИЧЕСКАЯ ХАРАКТЕРИСТИКА
Специфическое обозначение материала и объем 427 с.
Другие сведения о физической характеристике ил.
320 ## - ПРИМЕЧАНИЯ О НАЛИЧИИ В ДОКУМЕНТЕ БИБЛИОГРАФИИ / УКАЗАТЕЛЯ
Текст примечания Библиогр. в конце гл.
461 #0 - УРОВЕНЬ НАБОРА
Встроенное поле 001RU\NLR\bibl\2084737
-- 2001#$aБезопасность электрических сетей в вопросах и ответах$vЧ. 1
Системный номер (АБИС) связанной записи 4793127
Автор Балаков, Ю. Н. (1941-)
Место публикации Москва
Дата публикации 2013
Первые сведения об ответственности Ю.Н. Балаков
Имя издателя, распространителя и т.д. Издательский дом МЭИ
Сведения, относящиеся к заглавию практическое пособие : в 2 ч.
Заглавие Безопасность электрических сетей в вопросах и ответах
ISBN 9785383008416
Номер тома Ч. 1
606 0# - НАИМЕНОВАНИЕ ТЕМЫ КАК ПРЕДМЕТ
Наименование темы Электрические сети
Формальный подзаголовок Практические пособия
Тематический подзаголовок Эксплуатация
Системный номер авторитетной/нормативной записи 1993516
Идентификатор авторитетной/нормативной записи RU\NLR\AUTH\661200919
686 1# - ИНДЕКСЫ ДРУГИХ КЛАССИФИКАЦИЙ
Индекс З279-082я7-1
801 #0 - ИСТОЧНИК ЗАПИСИ
Страна Российская Федерация
Организация NLR
Дата составления 20131011
Правила каталогизации RCR
801 #1 - ИСТОЧНИК ЗАПИСИ
Страна Российская Федерация
Организация NLR
Дата составления 20131011
942 ## - ДОПОЛНИТЕЛЬНЫЕ ЭЛЕМЕНТЫ ЗАПИСИ (АБИС)
Тип экземпляра АБИС Книга
980 ## - КОЛЛЕКЦИЯ
Название коллекции Национальная библиография
Экземпляры
Тип экземпляра Дата поступления Источник поступления Библиотека постоянного хранения Библиотека текущего хранения Место хранения Шифр хранения Штрих-код Статус экземпляра Стоимость
CD-ROM 11.10.2013 Обязательный экземпляр РНБ (Московский) РНБ (Московский) Русский книжный фонд: издания с 1957 года 2013-5/7521 1-2607    
CD-ROM 11.10.2013 Обязательный экземпляр РНБ (Московский) РНБ (Московский) Русский книжный фонд: издания с 1957 года 2013-5/7521 3972108    
Книга 24.04.2015 Покупка РНБ (Садовая) РНБ (Садовая) Универсальный читальный зал У З279/Б-200 1-1109312   1100.00